Suicide bomber: phenomenon, strategy and future

Guardado en:  
Detalles Bibliográficos
Autor principal: Alam, S. (Autor)
Tipo de documento: Print Libro
Lenguaje:Inglés
Publicado: Delhi Sumit Enterprises 2008
En:Año: 2008
Verificar disponibilidad: HBZ Gateway
Servicio de pedido Subito: Pedir ahora.

MARC

LEADER 00000cam a2200000 c 4500
001 1348463031
003 DE-627
005 20220527134057.0
007 tu
008 080325s2008 ii ||||| 00| ||eng c
020 |z 9788184201185 
035 |a (DE-627)1348463031 
035 |a (DE-576)278463037 
035 |a (DE-599)BSZ278463037 
035 |a (IiNdDKA)182440-HBD 
040 |a DE-627  |b ger  |c DE-627  |e rakwb 
041 |a eng 
044 |c XB-IN 
100 1 |a Alam, S.  |4 aut 
245 1 0 |a Suicide bomber  |b phenomenon, strategy and future  |c S. Alam 
264 1 |a Delhi  |b Sumit Enterprises  |c 2008 
300 |a 271 S. 
336 |a Text  |b txt  |2 rdacontent 
337 |a ohne Hilfsmittel zu benutzen  |b n  |2 rdamedia 
338 |a Band  |b nc  |2 rdacarrier 
583 1 |a Archivierung prüfen  |c 20200919  |f DE-640  |z 1  |2 pdager 
935 |a mkri 
951 |a BO 
ELC |b 1 
LOK |0 000 xxxxxcx a22 zn 4500 
LOK |0 001 2566330212 
LOK |0 003 DE-627 
LOK |0 004 1348463031 
LOK |0 005 20080624162434 
LOK |0 008 080325||||||||||||||||ger||||||| 
LOK |0 040   |a DE-Frei85  |c DE-627  |d DE-Frei85 
LOK |0 852   |a DE-Frei85 
LOK |0 852 1  |m p  |9 00 
LOK |0 938   |k p 
LOK |0 939   |a 25-03-08  |b l01 
ORI |a SA-MARC-krimdoka001.raw